Фердинандов Василий Владимирович. О птицепромышленности в Воронежской губ., о назначении его специалистом по птицеводству и личн...

Доступно только в Электронных читальных залах Найти на картеНа карте
RUSMARC
00004703nac2a22002893x 450
001fcda5d27-d514-40c1-b522-c31d1ec4419f
00520211209161648.0
100##$a20211120l19081910k y0rusy50 ca
1010#$arus
102##$aRU
105##$ay z |||||
1222#$ad19080328
$ad19101026
2001#$aФердинандов Василий Владимирович. О птицепромышленности в Воронежской губ., о назначении его специалистом по птицеводству и личная просьба. Приложен черновик ответа Звегинцова А. И.
$j28 марта 1908 - 26 октября 1910
215##$a5 листов
251##$cДело
300##$aЗаголовок дела на папке: Письма Фердинандова Василия Владимировича - Звегинцеву Ал. Ив. (О птицепромышленности в Воронежской губернии и о назначении его специалистом по птицеводству в Воронежской губ. Приложена копия ответа Звегинцева Ал. Ив.)
300##$aМашинописный и рукописный текст
324##$aВ деле имеются копии отдельных документов
330##$aВходит в раздел описи: 1. Письма к А. И. Звегинцову. 3/ Письма имущественно-хозяйственного характера
461#0$1001fc48e33c-c630-4015-85dd-2f2aab656f45
$12001
$aЗвегинцев Александр Иванович, помещик Воронежской губернии, депутат III Государственной думы, член партии "Союз 17 октября"
$1251
$cФонд
$1852
$j932
462#0$1001ddcf82e7-7bd9-4c5e-b7f1-85df8b3febb3
$12001
$aДела постоянного хранения. 1899-1913 гг.
$vД. 680
$1251
$cОпись
$1852
$j1
5171#$aПисьма Фердинандова Василия Владимировича - Звегинцеву Ал. Ив. (О птицепромышленности в Воронежской губернии и о назначении его специалистом по птицеводству в Воронежской губ. Приложена копия ответа Звегинцева Ал. Ив.)
600#1$aЗвегинцев
$bА. И.
$gАлександр Иванович
600#1$aФердинандов
$bВ. В.
$gВасилий Владимирович
801#0$aRU
$bGA_RF
801#1$aRU
$bГлавНИВЦ
$c20211120
$2rusmarc
801#2$aRU
$bПБ им. Б.Н. Ельцина
$c20211209
$gRCR
$2rusmarc
852##$aГА РФ
$j680
937##$d171360833
$hГАРФ
035##$aRuPRLIB51062258
856##$uhttp://readingroom.main.prlib.ru/item.aspx?id_node=n171360833&mode=full
Формат отображения